Activities of Retail Units as an Element of Business Model Creation

Zmeny spoločenskej paradigmy, technologické a digitálne trendy, ako aj negatívne dopady makroprostredia sa odrážajú aj v zmenách modelov maloobchodu, ktoré sa stávajú viackanálovým prostriedkom tvorby hodnôt. Cieľom predkladaného príspevku je identifikovať a preskúmať implementáciu vybraných maloobc...

Ausführliche Beschreibung

Gespeichert in:
Bibliographische Detailangaben
1. Verfasser: Kita, Pavol
Weitere Verfasser: Čvirik, Marián, 1992-, Maciejewski, Grzegorz, Žambochová, Marta, Kitová Mazalánová, Veronika
Format: Buchkapitel
Sprache:Englisch
Schlagworte:
Tags: Tag hinzufügen
Keine Tags, Fügen Sie das erste Tag hinzu!

MARC

LEADER 00000naa a2200000 4500
001 0296014
005 20251001124237.9
041 0 |a eng 
044 |a PL 
245 1 0 |a Activities of Retail Units as an Element of Business Model Creation  |c Pavol Kita, Marián Čvirik, Grzegorz Maciejewski, Marta Žambochová, Veronika Kitová Mazalánová 
520 |a Zmeny spoločenskej paradigmy, technologické a digitálne trendy, ako aj negatívne dopady makroprostredia sa odrážajú aj v zmenách modelov maloobchodu, ktoré sa stávajú viackanálovým prostriedkom tvorby hodnôt. Cieľom predkladaného príspevku je identifikovať a preskúmať implementáciu vybraných maloobchodných aktivít ako nositeľa hodnoty pre identifikáciu modelu maloobchodnej prevádzky a následnú segmentáciu a profilovanie maloobchodných prevádzok. 
610 2 0 |a maloobchod 
610 2 0 |a modely obchodné 
610 2 0 |a modely podnikateľské 
610 2 0 |a reťazce obchodné 
100 1 |a Kita, Pavol 
700 1 |a Čvirik, Marián, 1992- 
700 1 |a Maciejewski, Grzegorz 
700 1 |a Žambochová, Marta 
700 1 |a Kitová Mazalánová, Veronika